[Event "FICGS W-ch st1 gN 03 email"]
[Site "FICGS email"]
[Date "2012.02.02"]
[Round "1"]
[White "Fraczek, Dariusz"]
[Black "Nookala, Kamesh"]
[Result "1/2-1/2"]
[WhiteElo "2261"]
[BlackElo "2163"]
[PlyCount "70"]
[EventDate "2012.??.??"]
[EventType "tourn (corr)"]
[EventRounds "6"]
[SourceTitle "Corr 2022"]
[Source "ChessBase"]
[SourceDate "2021.10.24"]
[SourceVersion "1"]
[SourceVersionDate "2021.10.24"]
[SourceQuality "1"]

1. e4 c5 2. Nf3 d6 3. d4 cxd4 4. Nxd4 Nf6 5. Nc3 a6 6. Be2 e5 7. Nb3 Be7 8. 0-0 0-0 9. Re1 Be6 10. Bf3 Nbd7 11. a4 Rc8 12. a5 Rc4 13. Be3 Qc7 14. Qd2 h6 15. h3 Rc8 16. Rec1 Nf8 17. Qd3 Ng6 18. g3 Bxh3 19. Nd2 Rc6 20. Bd1 Qd7 21. Nd5 Nxd5 22. exd5 R6c7 23. Bb6 f5 24. Bxc7 Rxc7 25. Kh2 e4 26. Qd4 f4 27. Qxe4 Bf5 28. Qg2 Ne5 29. c4 Bg5 30. Rc3 Qe7 31. Nf1 Qf6 32. Kg1 Bg6 33. Bc2 Bxc2 34. Rxc2 fxg3 35. Nxg3 Nf3+ 1/2-1/2

[Event "FICGS W-ch st1 gN 03 email"]
[Site "FICGS email"]
[Date "2012.02.02"]
[Round "1"]
[White "Lopez, Jose M"]
[Black "Nookala, Kamesh"]
[Result "1/2-1/2"]
[WhiteElo "2204"]
[BlackElo "2163"]
[PlyCount "87"]
[EventDate "2012.??.??"]
[EventType "tourn (corr)"]
[EventRounds "6"]
[SourceTitle "Corr 2022"]
[Source "ChessBase"]
[SourceDate "2021.10.24"]
[SourceVersion "1"]
[SourceVersionDate "2021.10.24"]
[SourceQuality "1"]

1. e4 c5 2. Nf3 d6 3. d4 cxd4 4. Nxd4 Nf6 5. Nc3 a6 6. f3 e5 7. Nb3 Be6 8. Be3 Be7 9. Qd2 0-0 10. 0-0-0 Nbd7 11. g4 b5 12. g5 b4 13. Ne2 Ne8 14. f4 a5 15. f5 Bxb3 16. cxb3 a4 17. bxa4 Rxa4 18. Kb1 Rxa2 19. Nc1 Ra8 20. Bc4 Qa5 21. Na2 Nc5 22. Qxb4 Qxb4 23. Nxb4 Nxe4 24. g6 Kh8 25. gxf7 N8f6 26. Nd5 Ng4 27. Bc1 Rxf7 28. Nc7 Raf8 29. Bxf7 Rxf7 30. Rhg1 h5 31. Nd5 Bf8 32. Rde1 Nef6 33. Nxf6 Nxf6 34. Rg3 d5 35. Rb3 Bd6 36. Rb6 Rd7 37. Bg5 Ne4 38. h4 Bc5 39. Re6 Bd4 40. Be3 Rb7 41. Bxd4 exd4 42. Kc2 d3+ 43. Kxd3 Rxb2 44. Rg6 1/2-1/2

[Event "FICGS W-ch st1 gN 03 email"]
[Site "FICGS email"]
[Date "2012.02.02"]
[Round "1"]
[White "Nookala, Kamesh"]
[Black "Kokoryukin, Sergey"]
[Result "1-0"]
[WhiteElo "2163"]
[BlackElo "2174"]
[PlyCount "129"]
[EventDate "2012.??.??"]
[EventType "tourn (corr)"]
[EventRounds "6"]
[SourceTitle "Corr 2022"]
[Source "ChessBase"]
[SourceDate "2021.10.24"]
[SourceVersion "1"]
[SourceVersionDate "2021.10.24"]
[SourceQuality "1"]

1. e4 c5 2. Nc3 Nc6 3. Nf3 e5 4. Bc4 Be7 5. d3 d6 6. 0-0 Nf6 7. Bg5 0-0 8. Bxf6 Bxf6 9. Nd5 Rb8 10. a4 Bg4 11. h3 Be6 12. Qd2 Nd4 13. Nxd4 cxd4 14. Qb4 Bg5 15. c3 dxc3 16. bxc3 Qd7 17. Rfb1 Kh8 18. Qb3 Rfc8 19. a5 Rc5 20. d4 Rcc8 21. Qb4 exd4 22. cxd4 f5 23. exf5 Bxf5 24. Re1 Rf8 25. Re2 Bg6 26. Rae1 Bh5 27. Rb2 Bh4 28. Re4 Bg5 29. Nc3 b5 30. Be6 Qc6 31. Re1 a6 32. Ne4 Bf4 33. Qb3 Qc7 34. Ra2 Rbe8 35. g3 Qe7 36. d5 Be5 37. f4 Bd4+ 38. Kg2 Bg6 39. Rae2 Bxe4+ 40. Rxe4 Bc5 41. h4 Qd8 42. Qa2 Qf6 43. Bg4 Rxe4 44. Rxe4 g6 45. Bf3 b4 46. Re6 Qc3 47. Qe2 Qa1 48. h5 gxh5 49. Re8 Rxe8 50. Qxe8+ Kg7 51. Qe7+ Kg8 52. Bxh5 Qg7 53. Qe6+ Kh8 54. Bf3 Qb2+ 55. Kh3 Qg7 56. Qc8+ Qg8 57. Qxa6 Bf2 58. g4 Qf8 59. Qe2 Bc5 60. Kg3 Kg7 61. a6 h6 62. Qe6 Qd8 63. Be4 Qf6 64. Qd7+ Qf7 65. Qb7 1-0

[Event "FICGS W-ch st1 gN 03 email"]
[Site "FICGS email"]
[Date "2012.02.02"]
[Round "1"]
[White "Nookala, Kamesh"]
[Black "Kopasov, Evgeny Aleksandrovi"]
[Result "1-0"]
[WhiteElo "2163"]
[BlackElo "2201"]
[PlyCount "89"]
[EventDate "2012.??.??"]
[EventType "tourn (corr)"]
[EventRounds "6"]
[SourceTitle "Corr 2022"]
[Source "ChessBase"]
[SourceDate "2021.10.24"]
[SourceVersion "1"]
[SourceVersionDate "2021.10.24"]
[SourceQuality "1"]

1. e4 c5 2. Nf3 d6 3. d4 cxd4 4. Nxd4 Nf6 5. Nc3 a6 6. Be3 e5 7. Nb3 Be6 8. f3 Be7 9. Qd2 0-0 10. 0-0-0 a5 11. a4 Nc6 12. g4 Nb4 13. Kb1 Rc8 14. h4 d5 15. g5 Ne8 16. exd5 Bf5 17. Na1 Nd6 18. h5 Qd7 19. Rh2 Bd8 20. Bb5 Nxb5 21. axb5 Re8 22. Ne4 Rc4 23. Qe2 Bxe4 24. fxe4 Rxe4 25. Qf3 Rc4 26. g6 f5 27. d6 f4 28. Bg1 h6 29. Qf1 Qxb5 30. b3 Rc5 31. d7 Rf8 32. Qxb5 Rxb5 33. c4 Rb6 34. Bxb6 Bxb6 35. Rd6 Bd8 36. Nc2 Nc6 37. Re6 Bg5 38. Rd2 f3 39. Rd1 Nb8 40. Ne3 e4 41. Nf1 e3 42. Rxe3 f2 43. Re5 Bf6 44. Rxa5 Rd8 45. Rb5 1-0

[Event "FICGS W-ch st1 gN 03 email"]
[Site "FICGS email"]
[Date "2012.02.02"]
[Round "1"]
[White "Unger, Peter"]
[Black "Nookala, Kamesh"]
[Result "1/2-1/2"]
[WhiteElo "2181"]
[BlackElo "2163"]
[PlyCount "91"]
[EventDate "2012.??.??"]
[EventType "tourn (corr)"]
[EventRounds "6"]
[SourceTitle "Corr 2022"]
[Source "ChessBase"]
[SourceDate "2021.10.24"]
[SourceVersion "1"]
[SourceVersionDate "2021.10.24"]
[SourceQuality "1"]

1. d4 d5 2. Nf3 Nf6 3. c4 c6 4. e3 e6 5. Nc3 Nbd7 6. Bd3 dxc4 7. Bxc4 b5 8. Bd3 Bb7 9. 0-0 a6 10. e4 c5 11. d5 Qc7 12. dxe6 fxe6 13. Bc2 c4 14. Nd4 Nc5 15. Be3 e5 16. Nf3 Be7 17. Ng5 h6 18. Bxc5 hxg5 19. Be3 Bc5 20. Bxg5 Bd4 21. Qe2 Qf7 22. Rad1 Rd8 23. Be3 Qh5 24. Qxh5+ Nxh5 25. Rd2 Ke7 26. Bg5+ Nf6 27. a3 Ke6 28. h3 Bc6 29. Bb1 Rd6 30. Rfd1 Rhd8 31. Kf1 a5 32. f4 R8d7 33. g4 Kf7 34. Bxf6 Rxf6 35. Ne2 Ke7 36. Nxd4 Rxf4+ 37. Ke2 exd4 38. Rxd4 Rxd4 39. Rxd4 Rf6 40. e5 Re6 41. Kd2 Rxe5 42. a4 g5 43. axb5 Rxb5 44. Kc2 Bg2 45. Ba2 Bxh3 46. Bxc4 1/2-1/2

[Event "FICGS rapid M 000038 email"]
[Site "FICGS email"]
[Date "2010.12.17"]
[Round "1"]
[White "Nichols, Scott"]
[Black "Nookala, Kamesh"]
[Result "1/2-1/2"]
[WhiteElo "2202"]
[BlackElo "2126"]
[PlyCount "45"]
[EventDate "2010.??.??"]
[EventType "tourn (rapid)"]
[EventRounds "6"]
[SourceTitle "Corr 2013"]
[Source "ChessBase"]
[SourceDate "2012.11.12"]
[SourceVersion "1"]
[SourceVersionDate "2012.11.12"]
[SourceQuality "1"]

1. e4 c5 2. b4 cxb4 3. a3 e6 4. axb4 Bxb4 5. c3 Be7 6. d4 Nf6 7. e5 Nd5 8. c4 Nb4 9. Nc3 d5 10. exd6 Qxd6 11. Nb5 Qd8 12. Nf3 0-0 13. Be2 a6 14. 0-0 b6 15. Nc3 Bb7 16. Bf4 N8c6 17. Na4 Bf6 18. Rb1 Re8 19. Be3 a5 20. c5 bxc5 21. Nxc5 Qc7 22. Rc1 Rac8 23. Qa4 1/2-1/2

[Event "FICGS rapid M 000038 email"]
[Site "FICGS email"]
[Date "2010.12.17"]
[Round "1"]
[White "Nookala, Kamesh"]
[Black "Gazi, Miroslav"]
[Result "1/2-1/2"]
[WhiteElo "2126"]
[BlackElo "2300"]
[PlyCount "41"]
[EventDate "2010.??.??"]
[EventType "tourn (rapid)"]
[EventRounds "6"]
[SourceTitle "Corr 2013"]
[Source "ChessBase"]
[SourceDate "2012.11.12"]
[SourceVersion "1"]
[SourceVersionDate "2012.11.12"]
[SourceQuality "1"]

1. e4 c5 2. Nf3 d6 3. d4 cxd4 4. Nxd4 Nf6 5. Nc3 a6 6. Be3 e5 7. Nb3 Be6 8. Be2 Be7 9. 0-0 Nbd7 10. f4 Qc7 11. f5 Bc4 12. a4 0-0 13. a5 Rfc8 14. Bxc4 Qxc4 15. Re1 Qc6 16. Kh1 h6 17. Qf3 Bd8 18. g4 Nh7 19. Qg2 b5 20. axb6 Nxb6 21. Na5 1/2-1/2

[Event "FICGS rapid M 000038 email"]
[Site "FICGS email"]
[Date "2010.12.17"]
[Round "1"]
[White "Nookala, Kamesh"]
[Black "Wosch, Arkadiusz Janusz"]
[Result "1/2-1/2"]
[WhiteElo "2126"]
[BlackElo "2149"]
[PlyCount "49"]
[EventDate "2010.??.??"]
[EventType "tourn (rapid)"]
[EventRounds "6"]
[SourceTitle "Corr 2013"]
[Source "ChessBase"]
[SourceDate "2012.11.12"]
[SourceVersion "1"]
[SourceVersionDate "2012.11.12"]
[SourceQuality "1"]

1. e4 c5 2. Nf3 Nc6 3. Bb5 g6 4. 0-0 Bg7 5. Re1 Nf6 6. c3 0-0 7. h3 e5 8. d3 d6 9. Nbd2 Qc7 10. Nf1 a6 11. Bxc6 bxc6 12. b3 a5 13. Be3 a4 14. Qc2 axb3 15. axb3 Be6 16. b4 Rxa1 17. Rxa1 cxb4 18. cxb4 Qb7 19. N1d2 Qxb4 20. Ng5 Bc8 21. Nc4 Qb8 22. Ba7 Qc7 23. Bb6 Qb8 24. Rb1 h6 25. Bc5 1/2-1/2

[Event "FICGS freestyle Cup 000003 email"]
[Site "FICGS email"]
[Date "2010.10.30"]
[Round "1"]
[White "Nookala, Kamesh"]
[Black "Riccio, Eros"]
[Result "1/2-1/2"]
[WhiteElo "2380"]
[BlackElo "2466"]
[PlyCount "69"]
[EventDate "2010.??.??"]
[EventType "tourn (corr)"]
[EventRounds "1"]
[SourceTitle "Corr 2013"]
[Source "ChessBase"]
[SourceDate "2012.11.12"]
[SourceVersion "1"]
[SourceVersionDate "2012.11.12"]
[SourceQuality "1"]

1. e4 c5 2. Nf3 d6 3. d4 cxd4 4. Nxd4 Nf6 5. Nc3 a6 6. Bg5 e6 7. f4 Qb6 8. Qd2 Qxb2 9. Rb1 Qa3 10. e5 h6 11. Bh4 dxe5 12. fxe5 g5 13. exf6 gxh4 14. Be2 Qa5 15. 0-0 Nd7 16. Kh1 Qg5 17. Rf4 e5 18. Nd5 exd4 19. Qxd4 Kd8 20. Ne7 Qe5 21. Qd2 Bxe7 22. fxe7+ Qxe7 23. Bg4 f5 24. Rxf5 Re8 25. Rd1 Kc7 26. Rf7 Qxf7 27. Qd6+ Kd8 28. Qb6+ Ke7 29. Re1+ Kf8 30. Qxh6+ Kg8 31. Rxe8+ Qxe8 32. Be6+ Qxe6 33. Qxe6+ Kg7 34. Qg4+ Kf7 35. Qh5+ 1/2-1/2

[Event "FICGS freestyle Cup 000003 email"]
[Site "FICGS email"]
[Date "2010.10.30"]
[Round "1"]
[White "Singh, Jai Prakash"]
[Black "Nookala, Kamesh"]
[Result "0-1"]
[WhiteElo "1784"]
[BlackElo "2380"]
[PlyCount "84"]
[EventDate "2010.??.??"]
[EventType "tourn (corr)"]
[EventRounds "1"]
[SourceTitle "Corr 2013"]
[Source "ChessBase"]
[SourceDate "2012.11.12"]
[SourceVersion "1"]
[SourceVersionDate "2012.11.12"]
[SourceQuality "1"]

1. e4 e5 2. Nf3 Nc6 3. Bb5 a6 4. Ba4 Be7 5. 0-0 Nf6 6. Nc3 b5 7. Bb3 d6 8. Re1 Bg4 9. h3 Bxf3 10. Qxf3 Nd4 11. Qg3 0-0 12. d3 a5 13. Ne2 a4 14. Nxd4 exd4 15. Bd5 c6 16. Bxc6 Rc8 17. Bb7 Rc7 18. e5 dxe5 19. Bf3 Rxc2 20. Qxe5 Bb4 21. Re2 Bd6 22. Qxb5 Rxe2 23. Bxe2 Re8 24. Bf1 Re1 25. b3 a3 26. Qc6 h5 27. g3 h4 28. Bxa3 Rxa1 29. Bxd6 hxg3 30. fxg3 Nh5 31. a4 Qf6 32. Qe8+ Kh7 33. Qe2 Qxd6 34. Qxh5+ Kg8 35. Qg5 Rb1 36. a5 Rxb3 37. Kh2 g6 38. Qd2 Kg7 39. Bg2 Ra3 40. h4 Qe5 41. Be4 Qe6 42. Qf4 Ra2+ 0-1

[Event "FICGS W-ch st1 g14 email"]
[Site "FICGS email"]
[Date "2010.07.02"]
[Round "1"]
[White "Roe, Philip Lawrence"]
[Black "Nookala, Kamesh"]
[Result "1/2-1/2"]
[WhiteElo "1821"]
[BlackElo "2037"]
[PlyCount "52"]
[EventDate "2010.??.??"]
[EventType "tourn (corr)"]
[EventRounds "6"]
[SourceTitle "Corr 2013"]
[Source "ChessBase"]
[SourceDate "2012.11.12"]
[SourceVersion "1"]
[SourceVersionDate "2012.11.12"]
[SourceQuality "1"]

1. e4 c5 2. Nf3 d6 3. Bb5+ Bd7 4. a4 Nf6 5. d3 e6 6. 0-0 Nc6 7. Nbd2 Be7 8. Nc4 0-0 9. Re1 d5 10. exd5 exd5 11. Bxc6 Bxc6 12. Nce5 Rc8 13. c3 h6 14. Bf4 Re8 15. Qb3 Nh5 16. Bd2 Bd6 17. Nxc6 bxc6 18. Rxe8+ Qxe8 19. Re1 Qd7 20. a5 Rb8 21. Qc2 Nf4 22. Ne5 Bxe5 23. Rxe5 Ng6 24. Re2 Qf5 25. Be3 Rb5 26. a6 Ra5 1/2-1/2

[Event "FICGS rapid M 000030 email"]
[Site "FICGS email"]
[Date "2010.07.01"]
[Round "1"]
[White "Maceda, Coco"]
[Black "Nookala, Kamesh"]
[Result "1/2-1/2"]
[WhiteElo "2105"]
[BlackElo "2037"]
[PlyCount "44"]
[EventDate "2010.??.??"]
[EventType "tourn (rapid)"]
[EventRounds "6"]
[SourceTitle "Corr 2013"]
[Source "ChessBase"]
[SourceDate "2012.11.12"]
[SourceVersion "1"]
[SourceVersionDate "2012.11.12"]
[SourceQuality "1"]

1. e4 c5 2. Nf3 d6 3. c3 Nf6 4. Bc4 Nc6 5. d4 cxd4 6. cxd4 Nxe4 7. d5 Ne5 8. Nxe5 dxe5 9. Qe2 Nd6 10. Bd3 Qc7 11. Nc3 Bf5 12. f4 e4 13. Nb5 Qc5 14. Nxd6+ exd6 15. Bb5+ Ke7 16. g4 a6 17. gxf5 axb5 18. Qxe4+ Kd7 19. Be3 Qc4 20. Qxc4 bxc4 21. Rg1 g6 22. f6 Bh6 1/2-1/2

[Event "FICGS rapid M 000029 email"]
[Site "FICGS email"]
[Date "2010.06.13"]
[Round "1"]
[White "Clement, George"]
[Black "Nookala, Kamesh"]
[Result "1/2-1/2"]
[WhiteElo "2131"]
[BlackElo "2163"]
[PlyCount "44"]
[EventDate "2010.??.??"]
[EventType "tourn (rapid)"]
[EventRounds "6"]
[SourceTitle "Corr 2013"]
[Source "ChessBase"]
[SourceDate "2012.11.12"]
[SourceVersion "1"]
[SourceVersionDate "2012.11.12"]
[SourceQuality "1"]

1. e4 e5 2. Nf3 Nc6 3. d4 exd4 4. Nxd4 Nf6 5. Nxc6 bxc6 6. Bd3 d5 7. exd5 cxd5 8. 0-0 Be7 9. c4 d4 10. Bf4 0-0 11. Nd2 Bb7 12. Re1 c5 13. Ne4 Nxe4 14. Bxe4 Bxe4 15. Rxe4 a5 16. Qa4 Bg5 17. Bxg5 Qxg5 18. Re2 Qd8 19. Rae1 Qb6 20. b3 g6 21. Re5 Rfd8 22. Qb5 Qxb5 1/2-1/2

[Event "FICGS rapid M 000028 email"]
[Site "FICGS email"]
[Date "2010.05.01"]
[Round "1"]
[White "Mevel, Alberic"]
[Black "Nookala, Kamesh"]
[Result "0-1"]
[WhiteElo "2196"]
[BlackElo "2163"]
[PlyCount "62"]
[EventDate "2010.??.??"]
[EventType "tourn (rapid)"]
[EventRounds "6"]
[SourceTitle "Corr 2013"]
[Source "ChessBase"]
[SourceDate "2012.11.12"]
[SourceVersion "1"]
[SourceVersionDate "2012.11.12"]
[SourceQuality "1"]

1. e4 c5 2. Nf3 d6 3. d4 cxd4 4. Nxd4 Nf6 5. Nc3 a6 6. Bg5 e6 7. f4 Qb6 8. Qd3 Qxb2 9. Rb1 Qa3 10. f5 Nc6 11. fxe6 fxe6 12. Nxc6 bxc6 13. Be2 Qa5 14. Bd2 Qd8 15. Qg3 Ra7 16. 0-0 Rf7 17. Be3 Be7 18. Bb6 Qd7 19. e5 dxe5 20. Rfd1 Nd5 21. Ne4 0-0 22. c4 Nf4 23. Qe3 Qe8 24. Bg4 Rf5 25. Rb2 h6 26. Bc7 Qg6 27. Bxf5 exf5 28. Nc3 Bf6 29. Bxe5 Re8 30. Qxf4 Bxe5 31. Qf3 Be6 0-1

[Event "FICGS rapid M 000028 email"]
[Site "FICGS email"]
[Date "2010.05.01"]
[Round "1"]
[White "Nichols, Scott"]
[Black "Nookala, Kamesh"]
[Result "1-0"]
[WhiteElo "2155"]
[BlackElo "2163"]
[PlyCount "23"]
[EventDate "2010.??.??"]
[EventType "tourn (rapid)"]
[EventRounds "6"]
[SourceTitle "Corr 2013"]
[Source "ChessBase"]
[SourceDate "2012.11.12"]
[SourceVersion "1"]
[SourceVersionDate "2012.11.12"]
[SourceQuality "1"]

1. c4 e6 2. Nf3 d5 3. d4 Nf6 4. g3 dxc4 5. Bg2 a6 6. Ne5 Bb4+ 7. Nc3 Nd5 8. Bd2 Nb6 9. e3 N8d7 10. Nxd7 Qxd7 11. 0-0 a5 12. Qc2 1-0

[Event "FICGS rapid M 000028 email"]
[Site "FICGS email"]
[Date "2010.05.01"]
[Round "1"]
[White "Nookala, Kamesh"]
[Black "Unger, Peter"]
[Result "1-0"]
[WhiteElo "2163"]
[BlackElo "2160"]
[PlyCount "49"]
[EventDate "2010.??.??"]
[EventType "tourn (rapid)"]
[EventRounds "6"]
[SourceTitle "Corr 2013"]
[Source "ChessBase"]
[SourceDate "2012.11.12"]
[SourceVersion "1"]
[SourceVersionDate "2012.11.12"]
[SourceQuality "1"]

1. e4 c5 2. Nf3 d6 3. d4 cxd4 4. Nxd4 Nf6 5. Nc3 a6 6. h3 e5 7. Nde2 Be6 8. g4 Be7 9. Bg2 Nbd7 10. Ng3 Nb6 11. g5 Nfd7 12. Nf5 0-0 13. h4 Rc8 14. a4 g6 15. Nxe7+ Qxe7 16. a5 Nc4 17. h5 Rc5 18. Qd3 Rfc8 19. hxg6 fxg6 20. Nd5 Bxd5 21. exd5 Qf7 22. 0-0 Nxa5 23. f4 Rxc2 24. Bh3 Qe7 25. Be3 1-0

[Event "FICGS lightning silver 000017 email"]
[Site "FICGS email"]
[Date "2010.04.27"]
[Round "1"]
[White "Nookala, Kamesh"]
[Black "Nichols, Scott"]
[Result "0-1"]
[WhiteElo "2385"]
[BlackElo "2246"]
[PlyCount "60"]
[EventDate "2010.??.??"]
[EventType "game (corr)"]
[SourceTitle "Corr 2013"]
[Source "ChessBase"]
[SourceDate "2012.11.12"]
[SourceVersion "1"]
[SourceVersionDate "2012.11.12"]
[SourceQuality "1"]

1. e4 d6 2. d4 Nf6 3. Nc3 g6 4. f4 Bg7 5. Nf3 0-0 6. Bd3 c6 7. 0-0 Bg4 8. Be3 Nbd7 9. e5 Nd5 10. Nxd5 cxd5 11. c3 Nb6 12. b3 Rc8 13. Qd2 dxe5 14. fxe5 Qc7 15. Rac1 f6 16. Bf4 Qd7 17. a4 Bf5 18. Bxf5 Qxf5 19. Bh6 Qd7 20. Bxg7 Kxg7 21. Rfe1 Qc6 22. a5 Na8 23. c4 Nc7 24. Qb4 Rce8 25. cxd5 Nxd5 26. Rxc6 Nxb4 27. Rc7 b6 28. exf6+ Rxf6 29. Rxa7 bxa5 30. h3 Rd6 0-1

[Event "FICGS lightning silver 000016 email"]
[Site "FICGS email"]
[Date "2010.04.25"]
[Round "1"]
[White "Nichols, Scott"]
[Black "Nookala, Kamesh"]
[Result "1/2-1/2"]
[WhiteElo "2243"]
[BlackElo "2371"]
[PlyCount "72"]
[EventDate "2010.??.??"]
[EventType "game (corr)"]
[SourceTitle "Corr 2013"]
[Source "ChessBase"]
[SourceDate "2012.11.12"]
[SourceVersion "1"]
[SourceVersionDate "2012.11.12"]
[SourceQuality "1"]

1. e4 c5 2. Nf3 d6 3. d4 cxd4 4. Nxd4 Nf6 5. Nc3 a6 6. Be2 e5 7. Nb3 Be7 8. 0-0 0-0 9. Be3 Be6 10. Qd2 Nbd7 11. a4 Rc8 12. a5 Qc7 13. Rfd1 h6 14. f3 Rfd8 15. Kh1 Nc5 16. Nxc5 dxc5 17. Qe1 Rxd1 18. Qxd1 c4 19. Qe1 Bb4 20. Bb6 Qe7 21. Qg3 Kh7 22. Bg1 Rd8 23. Qe1 Qe8 24. Bb6 Rc8 25. Qb1 Qd7 26. Qe1 Qc6 27. Bf1 Nd7 28. Be3 Kh8 29. Qh4 Bf8 30. Qe1 Be7 31. Qd2 Bb4 32. Qe1 Nf6 33. Bb6 Kh7 34. Be2 Nd7 35. Bg1 Kh8 36. Be3 Nf6 1/2-1/2

[Event "FICGS rapid M 000026 email"]
[Site "FICGS email"]
[Date "2010.03.02"]
[Round "1"]
[White "Nookala, Kamesh"]
[Black "Deline, Ralph"]
[Result "1/2-1/2"]
[WhiteElo "2126"]
[BlackElo "2142"]
[PlyCount "101"]
[EventDate "2010.??.??"]
[EventType "tourn (rapid)"]
[EventRounds "6"]
[SourceTitle "Corr 2013"]
[Source "ChessBase"]
[SourceDate "2012.11.12"]
[SourceVersion "1"]
[SourceVersionDate "2012.11.12"]
[SourceQuality "1"]

1. e4 c5 2. Nf3 Nc6 3. d4 cxd4 4. Nxd4 Nf6 5. Nc3 e5 6. Ndb5 d6 7. Bg5 a6 8. Na3 b5 9. Nd5 Be7 10. Bxf6 Bxf6 11. c3 Bg5 12. Nc2 0-0 13. a4 bxa4 14. Rxa4 a5 15. Bc4 Rb8 16. b3 Kh8 17. Nce3 g6 18. 0-0 f5 19. Qd3 Be6 20. Raa1 fxe4 21. Qxe4 Qd7 22. h3 Qf7 23. Ra2 Qb7 24. Rd1 Bd8 25. Qd3 Qf7 26. Kh1 Bg5 27. Nf1 Ne7 28. Nxe7 Bxe7 29. Bxe6 Qxe6 30. c4 Rb7 31. Ng3 Rfb8 32. Rb1 Bd8 33. Ne4 Bc7 34. Ra3 Rb4 35. Rd1 a4 36. bxa4 Qxc4 37. Qxc4 Rxc4 38. Nxd6 Rf4 39. a5 Rd8 40. a6 Bxd6 41. a7 Rff8 42. Ra6 Ra8 43. Rdxd6 Rf7 44. Re6 Raxa7 45. Rxa7 Rxa7 46. Rxe5 Kg7 47. g3 Kf6 48. Re4 Ra2 49. Rf4+ Ke6 50. Kg2 h5 51. h4 1/2-1/2

[Event "FICGS rapid B 000142 email"]
[Site "FICGS email"]
[Date "2010.02.09"]
[Round "1"]
[White "Nookala, Kamesh"]
[Black "Dikant, Christophe"]
[Result "0-1"]
[WhiteElo "1783"]
[BlackElo "1745"]
[PlyCount "60"]
[EventDate "2010.??.??"]
[EventType "tourn (rapid)"]
[EventRounds "1"]
[SourceTitle "Corr 2013"]
[Source "ChessBase"]
[SourceDate "2012.11.12"]
[SourceVersion "1"]
[SourceVersionDate "2012.11.12"]
[SourceQuality "1"]

1. e4 g6 2. d4 Bg7 3. Nc3 c6 4. Nf3 d5 5. h3 dxe4 6. Nxe4 Nd7 7. Bc4 Ngf6 8. Nxf6+ Nxf6 9. 0-0 0-0 10. Re1 Bf5 11. c3 Be4 12. Ne5 Bd5 13. Bb3 Bxb3 14. Qxb3 Qb6 15. Qc2 Qd8 16. Bg5 h6 17. Bf4 e6 18. Rad1 Nd5 19. Bh2 Qg5 20. c4 Nf4 21. Qe4 Nh5 22. Qf3 Qd8 23. d5 exd5 24. cxd5 cxd5 25. Rxd5 Qf6 26. Qb3 Rae8 27. Re3 Rc8 28. Rd1 Qa6 29. Rf3 Qb6 30. g4 Nf6 0-1

[Event "FICGS rapid B 000140 email"]
[Site "FICGS email"]
[Date "2010.01.24"]
[Round "1"]
[White "Nookala, Kamesh"]
[Black "Birnoveanu, Petru"]
[Result "1-0"]
[WhiteElo "1783"]
[BlackElo "1800"]
[PlyCount "35"]
[EventDate "2010.??.??"]
[EventType "tourn (rapid)"]
[EventRounds "1"]
[SourceTitle "Corr 2013"]
[Source "ChessBase"]
[SourceDate "2012.11.12"]
[SourceVersion "1"]
[SourceVersionDate "2012.11.12"]
[SourceQuality "1"]

1. e4 e6 2. d4 d5 3. Nc3 Bb4 4. e5 Ne7 5. a3 Ba5 6. Nf3 Ng6 7. b4 Bb6 8. h4 a5 9. h5 Ne7 10. h6 axb4 11. hxg7 Rg8 12. Rxh7 bxc3 13. Ng5 Ng6 14. Qh5 Ke7 15. Nxf7 Kxf7 16. Bd3 Rxg7 17. Qxg6+ Kg8 18. Qxg7# 1-0

[Event "FICGS rapid B 000138 email"]
[Site "FICGS email"]
[Date "2010.01.12"]
[Round "1"]
[White "Nookala, Kamesh"]
[Black "Chobaut, Nicolas"]
[Result "1-0"]
[WhiteElo "1783"]
[BlackElo "1800"]
[PlyCount "63"]
[EventDate "2010.??.??"]
[EventType "tourn (rapid)"]
[EventRounds "6"]
[SourceTitle "Corr 2013"]
[Source "ChessBase"]
[SourceDate "2012.11.12"]
[SourceVersion "1"]
[SourceVersionDate "2012.11.12"]
[SourceQuality "1"]

1. e4 c5 2. Nf3 e6 3. d4 cxd4 4. Nxd4 Nc6 5. Nc3 a6 6. Be2 Qc7 7. 0-0 Nf6 8. Be3 Bb4 9. Na4 Be7 10. Nxc6 bxc6 11. Nb6 Rb8 12. Nxc8 Qxc8 13. Bd4 c5 14. Be5 Rb6 15. Qd3 d6 16. Bc3 0-0 17. b3 d5 18. e5 Nd7 19. Qg3 c4 20. bxc4 dxc4 21. Rfd1 Bb4 22. a3 Bxc3 23. Qxc3 Qc7 24. f4 Rc8 25. Rd4 Rc6 26. Bf3 Rc5 27. Rd6 Nb6 28. Rad1 g6 29. f5 exf5 30. e6 fxe6 31. Qf6 Re8 32. Rd8 1-0

[Event "FICGS rapid B 000138 email"]
[Site "FICGS email"]
[Date "2010.01.12"]
[Round "1"]
[White "Nookala, Kamesh"]
[Black "Koenig, Paul"]
[Result "1-0"]
[WhiteElo "1783"]
[BlackElo "1893"]
[PlyCount "51"]
[EventDate "2010.??.??"]
[EventType "tourn (rapid)"]
[EventRounds "6"]
[SourceTitle "Corr 2013"]
[Source "ChessBase"]
[SourceDate "2012.11.12"]
[SourceVersion "1"]
[SourceVersionDate "2012.11.12"]
[SourceQuality "1"]

1. e4 c5 2. Nf3 Nc6 3. d4 cxd4 4. Nxd4 Nf6 5. Nc3 e6 6. Ndb5 d6 7. Bf4 e5 8. Bg5 a6 9. Na3 b5 10. Nd5 Be7 11. Bxf6 Bxf6 12. c3 0-0 13. Nc2 Bg5 14. a4 bxa4 15. Rxa4 a5 16. Bc4 Bd7 17. Nce3 Ne7 18. Ra2 Nxd5 19. Nxd5 a4 20. 0-0 Rb8 21. Qe2 Qc8 22. Rfa1 Kh8 23. Bd3 Bg4 24. f3 Bd7 25. Kh1 Qc5 26. Nb4 1-0

[Event "FICGS rapid B 000138 email"]
[Site "FICGS email"]
[Date "2010.01.12"]
[Round "1"]
[White "Satonnet, Patrick"]
[Black "Nookala, Kamesh"]
[Result "0-1"]
[WhiteElo "1722"]
[BlackElo "1783"]
[PlyCount "54"]
[EventDate "2010.??.??"]
[EventType "tourn (rapid)"]
[EventRounds "6"]
[SourceTitle "Corr 2013"]
[Source "ChessBase"]
[SourceDate "2012.11.12"]
[SourceVersion "1"]
[SourceVersionDate "2012.11.12"]
[SourceQuality "1"]

1. e4 c5 2. f4 g6 3. Nf3 Nc6 4. Nc3 Bg7 5. g3 d6 6. Bg2 e6 7. 0-0 Nge7 8. d3 0-0 9. Be3 Nd4 10. e5 Nef5 11. Bf2 Nxf3+ 12. Qxf3 Nd4 13. Qd1 dxe5 14. fxe5 Bxe5 15. Ne4 f5 16. Nxc5 Qd6 17. b4 Nc6 18. Rb1 Bd4 19. Qd2 a5 20. c3 Bxf2+ 21. Qxf2 axb4 22. cxb4 Ra3 23. Qb2 Ra7 24. Rbc1 Nd4 25. Ne4 Qe5 26. Qf2 b6 27. Rc4 Rd7 0-1